Lutens' Delhi/ (Record no. 188643)
[ view plain ]
| 000 -LEADER | |
|---|---|
| fixed length control field | 00536nam a22001817a 4500 |
| 005 - DATE AND TIME OF LATEST TRANSACTION | |
| control field | 20220530123732.0 |
| 010 ## - LCCN (DPL NO) | |
| LC control number | ENG-132878 |
| 020 ## - INTERNATIONAL STANDARD BOOK NUMBER | |
| International Standard Book Number | 9789380570080 |
| Terms of availability | 1195.00 |
| 035 ## - SYSTEM CONTROL NUMBER | |
| System control number | EN-116410 |
| 037 ## - SOURCE OF ACQUISITION | |
| Source of stock number/acquisition | DBAD/PUB |
| 082 ## - DEWEY DECIMAL CLASSIFICATION NUMBER | |
| Classification number | 720.954 |
| 100 ## - MAIN ENTRY--PERSONAL NAME | |
| Personal name | Jain, A.K. |
| 245 ## - TITLE STATEMENT | |
| Title | Lutens' Delhi/ |
| Statement of responsibility, etc | A.K. Jain |
| 260 ## - PUBLICATION, DISTRIBUTION, ETC. (IMPRINT) | |
| Place of publication, distribution, etc | Delhi |
| Name of publisher, distributor, etc | Bookwell |
| Date of publication, distribution, etc | 2010 |
| 270 ## - ADDRESS | |
| Address | 3/79, Nirankari Colony |
| City | Delhi |
| Postal code | 110009 |
| Electronic mail address | bkwell@nde.vsnl.net.in |
| 300 ## - PHYSICAL DESCRIPTION | |
| Extent | ix, 200p. |
| Other physical details | Bibliography, Abbrevations |
| Dimensions | 20cm(hbk) |
| 942 ## - ADDED ENTRY ELEMENTS (KOHA) | |
| Source of classification or shelving scheme | Dewey Decimal Classification |
| Item type | English Books |
| Classification part | 720.954 |
| Call number suffix | JAI |
| Withdrawn status | Lost status | Not for loan | Collection code | Home library | Current library | Date acquired | Source of acquisition | Cost, normal purchase price | Full call number | Barcode | Copy number | Cost, replacement price | Koha item type |
|---|---|---|---|---|---|---|---|---|---|---|---|---|---|
| Non-fiction | Ashok Vihar | Ashok Vihar | 30/05/2022 | DBAD/PUB | 1195.00 | 720.954 JAI | EN-116410 | 1 | 1195.00 | English Books |
